000 00608cam a2200217 4500
001 B1544
008 090401t1983 xxu||||| |||| 00| 0 eng d
035 _a(Sirsi) u45103
041 _aeng
050 _a333.335
110 _aJones Lang Wootton
_92909
245 4 _aThe agricultural land market in Britain: an in-depth study of its mechanism for owners, investors and advisers
260 _aLondon
_bJones Lang Wootton
_c1983
300 _a66p. : ill.,maps ; 30cm.
350 _a0
650 _aFARMLAND
650 _aFARM INCOMES
650 _aPROPERTY MARKET
942 _n0
948 _c04/03/1997
999 _c91647
_d91647